LIBRARY ONLINE CATALOGUE

Legal Ethics and Human Dignity/ (Record no. 18636)

MARC details
000 -LEADER
fixed length control field 00364nam a22001337a 4500
008 - FIXED-LENGTH DATA ELEMENTS--GENERAL INFORMATION
fixed length control field 201125b xxu||||| |||| 00| 0 eng d
020 ## - INTERNATIONAL STANDARD BOOK NUMBER
International Standard Book Number 9780521118248
050 ## - LIBRARY OF CONGRESS CALL NUMBER
Classification number K 123
Item number .L83 2007 C.2
100 ## - MAIN ENTRY--PERSONAL NAME
Personal name Luban, David.
245 ## - TITLE STATEMENT
Title Legal Ethics and Human Dignity/
Statement of responsibility, etc. David Luban
260 ## - PUBLICATION, DISTRIBUTION, ETC. (IMPRINT)
Place of publication, distribution, etc. New york:
Name of publisher, distributor, etc. Cambridge,
Date of publication, distribution, etc. 2007.
300 ## - PHYSICAL DESCRIPTION
Extent xii, 337p.
942 ## - ADDED ENTRY ELEMENTS (KOHA)
Source of classification or shelving scheme Library of Congress Classification
Koha item type General Collection
Holdings
Withdrawn status Lost status Source of classification or shelving scheme Not for loan Home library Current library Date acquired Cost, normal purchase price Inventory number Total Checkouts Full call number Barcode Date last seen Copy number Price effective from Koha item type Date last checked out
    Library of Congress Classification   Kabarak, Main Campus Kabarak, Main Campus 25/11/2020 2588.00 2020/1637   K 123 .L83 2007 C.2 029366 25/11/2020 C. 2 25/11/2020 General Collection  
    Library of Congress Classification   Kabarak, Main Campus Kabarak, Main Campus 25/11/2020 2588.00 2020/1636 1 K 123 .L83 2007 C.1 029365 07/04/2021 C. 1 25/11/2020 General Collection 08/03/2021